02192cam a22004694i 4500003000900000005001700009008004100026035001800067040003300085049000900118082001900127100003900146245008000185264003900265300002800304336002100332337002500353338002300378490004200401504003900443505055300482526001001035526001001045526001001055526001001065526000801075526000801083526000801091526000801099526000801107526000801115526000801123650004001131910001801171942001401189949013401203994001401337596000601351999015401357980005501511952015601566PE-LiUPU20250731173514.0150616s r 000 0 d a(Sirsi) a7783 aPE-LiUPUbspacPE-LiUPUerda aPRUA04a270.9bS292211 aScott Latourette, Kenneth,eautor.14aThe Nineteenth Century in Europe. The Protestant and Eastern Churches.n2. 1aNew York :bHarper and Row,c1969. a532 páginas ;c21 cm. atext2rdacontent aunmediated2rdamedia avolume2rdacarrier0 aContemporary Evangelical Perspectives aBibliografía: páginas 495-512.0 aThe protestant phase in europe.- The setting and the scope of protestantism.- Protestant theology in the nineteenth century.- The course of biblical and historical studies in protestantism in the nineteenth century.- Awakenings and revivals in protestantism.- Protestant ecclesiastical structure: Union and dissent.- Protestantism: Ecclesiastical Structural Developments, Public worship and the training of clergy.- Protestantism: The flourishing of voluntary agencies for sevice to german society and the strengtening of the protestant faith. aSEG42 aSEG41 aSEG40 aSEG39 aP94 aP87 aP86 aP85 aP77 aP76 aP3504aPROTESTANTISMO - EUROPA - HISTORIA. ajckbjvqcjck 2ddccBOOK a270.9 S29 2wDEWEYc1i41297lCCODEBUL1mBULp00.00r0sYtBOOKu19960604xTEOLOGIAzUNKNOWN0COMPRAo.STAFF. Colección General aC0bPEPRU a1 a270.9 S29 2wDEWEYc59064i41297f2021-11-11g5lCCODEBUL1mBULr0sYtBOOKu2015-6-16xTEOLOGIAzUNKNOWN0COMPRAo.STAFF. Colección Generald59064 81gALBERTO SANCHEZ Responsable de Automatización r2025-12-02 00:00:00i6l0o270.9 S29 2p41297te1w2015-06-16xPGyBKzinventario-2023-12-13102ddc50708GENfP85aBULbBULcGENd2015-06-16eCOMPRA